[Event "Landesklasse Ost 2012/2013"]
[Site "?"]
[Date "2013.03.24"]
[Round "8"]
[White "Rensch, Toralf"]
[Black "Barth, Christian"]
[Result "1-0"]
[WhiteElo "1977"]
[BlackElo "1897"]
[PlyCount "93"]
[EventDate "2013.??.??"]
[WhiteTeam "SSV Vimaria 91 Weimar"]
[BlackTeam "TSV Zeulenroda"]

1. e4 e5 2. Nf3 Nc6 3. Bb5 a6 4. Ba4 Nf6 5. O-O d6 6. Re1 b5 7. Bb3 Be7 8. c3
O-O 9. a3 Bg4 10. h3 Bh5 11. d3 h6 12. g4 Bg6 13. Nh4 Kh7 14. Nf5 Nd7 15. Bd5
Ndb8 16. Nd2 Ra7 17. Nf3 Na5 18. b4 Nb7 19. Be3 c5 20. a4 Bxf5 21. exf5 Qb6 22.
g5 bxa4 23. f6 gxf6 24. Be4+ Kh8 25. Nh4 fxg5 26. Nf5 d5 27. Bxd5 Qf6 28. Nxe7
Re8 29. Bxb7 Rxb7 30. Bxc5 Nd7 31. Qxa4 Qe6 32. Re3 Reb8 33. Nc6 Nxc5 34. bxc5
Rb1+ 35. Rxb1 Rxb1+ 36. Kg2 Qd5+ 37. Qe4 Qxc5 38. Qxe5+ Qxe5 39. Rxe5 f6 40.
Ra5 Rb3 41. Rc5 Kg7 42. d4 Kf7 43. d5 Ke8 44. Nd4 Ra3 45. Rc7 h5 46. Ne6 h4 47.
d6 1-0

[Event "Landesklasse Ost 2012/2013"]
[Site "?"]
[Date "2013.03.24"]
[Round "8"]
[White "Wolfram, Thomas"]
[Black "Vogel, Steffen"]
[Result "1/2-1/2"]
[WhiteElo "1721"]
[BlackElo "1834"]
[PlyCount "143"]
[EventDate "2013.??.??"]
[WhiteTeam "TSV Zeulenroda"]
[BlackTeam "SSV Vimaria 91 Weimar"]

1. d4 d5 2. e3 Nf6 3. Bd3 e6 4. Nd2 c5 5. c3 cxd4 6. exd4 Bd6 7. Ngf3 Nbd7 8.
O-O O-O 9. Re1 Qc7 10. Qe2 Re8 11. Ne5 Nf8 12. Ndf3 a6 13. a4 Bd7 14. Ng5 Re7
15. f4 Rae8 16. Nh3 Bc8 17. g4 N6d7 18. Kh1 f6 19. Bd2 Qb8 20. Nf3 e5 21. fxe5
fxe5 22. dxe5 Nxe5 23. Nxe5 Bxe5 24. Qg2 d4 25. cxd4 Bxd4 26. Rxe7 Rxe7 27.
Qd5+ Ne6 28. Bc4 Kh8 29. Bf4 Qa7 30. Re1 b5 31. Rxe6 Bb7 32. Rc6 Bxc6 33. Qxc6
Qd7 34. axb5 axb5 35. Bxb5 Re1+ 36. Kg2 Re2+ 37. Kf3 Qxc6+ 38. Bxc6 Rxb2 39.
Ng5 g6 40. Bd5 Rb1 41. Ne6 Bc3 42. g5 Rd1 43. Ke4 Re1+ 44. Kd3 Bb2 45. Bb3 Ba1
46. Nd4 Re8 47. Bc7 Bxd4 48. Kxd4 Kg7 49. Be5+ Kf8 50. Bf6 Re2 51. h3 Rh2 52.
Be6 Re2 53. Kd5 Rd2+ 54. Kc6 Rd3 55. Kc7 Rd1 56. Be5 Rc1+ 57. Kd7 Rd1+ 58. Bd6+
Kg7 59. Ke7 Re1 60. Bb4 Re3 61. Bc5 Re4 62. Ba3 Re2 63. Bc5 Re4 64. Kd7 h6 65.
Be7 hxg5 66. Bxg5 Rd4+ 67. Ke7 Re4 68. h4 Re2 69. Bf6+ Kh6 70. Kf7 Rf2 71. Ke7
Rxf6 72. Kxf6 1/2-1/2

[Event "Landesklasse Ost 2012/2013"]
[Site "?"]
[Date "2013.03.24"]
[Round "8"]
[White "Gebuhr, Günter"]
[Black "Werner, Daniel"]
[Result "0-1"]
[WhiteElo "1810"]
[BlackElo "1713"]
[PlyCount "104"]
[EventDate "2013.??.??"]
[WhiteTeam "SSV Vimaria 91 Weimar"]
[BlackTeam "TSV Zeulenroda"]

1. e4 e5 2. Nf3 Nc6 3. Bb5 a6 4. Ba4 Nf6 5. O-O b5 6. Bb3 Be7 7. Re1 d6 8. c3
O-O 9. h3 Na5 10. Bc2 c5 11. d4 Qc7 12. Nbd2 Nc6 13. Nf1 Re8 14. Be3 Bf8 15.
Ng3 Ne7 16. Rc1 Ng6 17. Qd2 Bb7 18. Bg5 Be7 19. Nf5 Rad8 20. N3h4 Nxh4 21. Bxh4
Kh8 22. Qg5 Rg8 23. Nxe7 Qxe7 24. f4 Rde8 25. dxe5 dxe5 26. Rcd1 Bc8 27. Re3 h6
28. Qxe5 Qxe5 29. fxe5 Rxe5 30. Rd6 Re6 31. e5 g5 32. Bf2 Nh5 33. g4 Nf4 34.
Bf5 Rxd6 35. exd6 Bxf5 36. gxf5 Rd8 37. Kh2 Rxd6 38. Re8+ Kg7 39. Bxc5 Rd2+ 40.
Kg3 Kf6 41. Rh8 Rd3+ 42. Kf2 Rxh3 43. Ra8 Kxf5 44. Bd4 g4 45. Rxa6 Rf3+ 46. Ke1
Ne6 47. Ba7 h5 48. Rb6 h4 49. Rxb5+ Kg6 50. Re5 h3 51. Bg1 Nf4 52. Re4 g3 0-1

[Event "Landesklasse Ost 2012/2013"]
[Site "?"]
[Date "2013.03.24"]
[Round "8"]
[White "Teichmann, Mario"]
[Black "Mitter, Frank"]
[Result "0-1"]
[WhiteElo "1430"]
[BlackElo "1770"]
[PlyCount "48"]
[EventDate "2013.??.??"]
[WhiteTeam "TSV Zeulenroda"]
[BlackTeam "SSV Vimaria 91 Weimar"]

1. e4 c5 2. Nf3 Nc6 3. d4 cxd4 4. Nxd4 Nf6 5. Nc3 d6 6. Be2 e5 7. Nf3 Be7 8.
O-O O-O 9. a3 h6 10. h3 Be6 11. Bd3 a6 12. Nh2 d5 13. exd5 Nxd5 14. Bd2 Qc7 15.
Be4 Rad8 16. Qe2 Nd4 17. Qd3 Nxc3 18. Bxc3 Bc4 19. Qe3 Bxf1 20. Rxf1 Bc5 21.
Ng4 f5 22. Nxh6+ gxh6 23. Qg3+ Qg7 24. Bxb7 Ne2+ 0-1

[Event "Landesklasse Ost 2012/2013"]
[Site "?"]
[Date "2013.03.24"]
[Round "8"]
[White "Hadlich, Gerald"]
[Black "Seifert, Michael"]
[Result "1-0"]
[WhiteElo "1806"]
[BlackElo "1735"]
[PlyCount "87"]
[EventDate "2013.??.??"]
[WhiteTeam "SV Hermsdorf"]
[BlackTeam "SV Schott Jena"]

1. e4 e6 2. d4 d5 3. Nd2 Nf6 4. e5 Nfd7 5. Bd3 c5 6. c3 Nc6 7. Ne2 Qb6 8. Nf3
cxd4 9. cxd4 Nb4 10. Bb1 Be7 11. O-O Qc7 12. a3 Nc6 13. Bf4 Nb6 14. b3 Bd7 15.
Qd3 a5 16. Nd2 Na7 17. a4 Nc6 18. Qg3 Bf8 19. Bd3 Nb4 20. Rac1 Qd8 21. Bb1 Nc8
22. Nc3 Ne7 23. Bg5 h6 24. Bxe7 Qxe7 25. f4 g6 26. Qe3 Bg7 27. Qe2 O-O 28. g4
Rac8 29. Kh1 Rc6 30. Nb5 Rfc8 31. Rxc6 Rxc6 32. Nd6 Qh4 33. Qg2 h5 34. gxh5
Qxh5 35. Nxb7 Bf8 36. Nf3 Rc7 37. Nd6 Rc3 38. Ng5 Bxd6 39. exd6 Rxb3 40. Nf3
Nc6 41. Ne5 Nxe5 42. fxe5 Bxa4 43. Qf2 Be8 44. d7 1-0

[Event "Landesklasse Ost 2012/2013"]
[Site "?"]
[Date "2013.03.24"]
[Round "8"]
[White "Lorenz, Nicole"]
[Black "Moje, Hans-Jürgen"]
[Result "1/2-1/2"]
[WhiteElo "1892"]
[BlackElo "1783"]
[PlyCount "42"]
[EventDate "2013.??.??"]
[WhiteTeam "SV Schott Jena"]
[BlackTeam "SV Hermsdorf"]

1. e4 e5 2. Bc4 Bc5 3. Nf3 Nc6 4. O-O Nf6 5. d3 h6 6. c3 d6 7. Bb3 Bg4 8. Ba4
O-O 9. Nbd2 Rb8 10. h3 Bh5 11. Qe2 Qe7 12. Rd1 d5 13. Nf1 Rfd8 14. Ng3 Bg6 15.
Nh4 dxe4 16. Nhf5 Bxf5 17. Nxf5 Qf8 18. dxe4 Rxd1+ 19. Bxd1 Ne7 20. Qf3 Nxf5
21. Qxf5 Qd6 1/2-1/2

[Event "Landesklasse Ost 2012/2013"]
[Site "?"]
[Date "2013.03.24"]
[Round "8"]
[White "Jordan, Gunter"]
[Black "Markowski, Erhard"]
[Result "1/2-1/2"]
[WhiteElo "1845"]
[BlackElo "1666"]
[PlyCount "46"]
[EventDate "2013.??.??"]
[WhiteTeam "SV Schott Jena"]
[BlackTeam "SV Hermsdorf"]

1. d4 g6 2. c4 Bg7 3. Nc3 d6 4. e4 Nc6 5. Be3 Nf6 6. Be2 O-O 7. Qd2 Ng4 8. Bxg4
Bxg4 9. f3 Bd7 10. g4 e5 11. d5 Nd4 12. Nce2 c5 13. O-O-O b5 14. h4 f6 15. Nxd4
cxd4 16. Bh6 Qe7 17. Bxg7 Qxg7 18. cxb5 Bxb5 19. h5 g5 20. Nh3 h6 21. Nf2 a5
22. Kb1 Rfc8 23. Rc1 Qa7 1/2-1/2

[Event "Landesklasse Ost 2012/2013"]
[Site "?"]
[Date "2013.03.24"]
[Round "8"]
[White "Pietsch, Karsten"]
[Black "Richter, Gerhard"]
[Result "0-1"]
[WhiteElo "1661"]
[BlackElo "2040"]
[PlyCount "92"]
[EventDate "2013.??.??"]
[WhiteTeam "SV Hermsdorf"]
[BlackTeam "SV Schott Jena"]

1. d4 e6 2. c4 b6 3. Nf3 Bb7 4. g3 f5 5. Bg2 d6 6. O-O Be7 7. Nc3 Nf6 8. Ng5
Bxg2 9. Kxg2 Qd7 10. d5 exd5 11. cxd5 O-O 12. Qd3 a5 13. Ne6 Rf7 14. Qxf5 Na6
15. Qd3 Nb4 16. Qd2 c6 17. Ng5 Rff8 18. e4 cxd5 19. exd5 Qb7 20. Rd1 Ng4 21. f3
Ne5 22. a3 Bxg5 23. Qxg5 Nxf3 24. Qg4 Nc2 25. Bf4 Nxa1 26. Qxf3 Nb3 27. Ne4 Nc5
28. Nxd6 Qe7 29. Nc4 b5 30. Bd6 Qa7 31. Qe3 Rfe8 32. Bxc5 Qb8 33. Qd4 bxc4 34.
Rd2 Qe5 35. Qxc4 Rad8 36. d6+ Qe6 37. Qxe6+ Rxe6 38. d7 Kf7 39. Kf3 Rc6 40. Rd5
Ke6 41. Ke4 Rxd7 42. Re5+ Kf7 43. b4 axb4 44. axb4 Re6 45. h4 Rd1 46. Kf4 Rf1+
0-1

[Event "Landesklasse Ost 2012/2013"]
[Site "?"]
[Date "2013.03.24"]
[Round "8"]
[White "Richter, Sebastian"]
[Black "Sacher, Meik"]
[Result "1/2-1/2"]
[WhiteElo "1761"]
[BlackElo "1933"]
[PlyCount "68"]
[EventDate "2013.??.??"]
[WhiteTeam "SV Schott Jena"]
[BlackTeam "SV Hermsdorf"]

1. d4 Nf6 2. c4 g6 3. Nc3 Bg7 4. e4 d6 5. f3 O-O 6. Be3 e5 7. Nge2 Nc6 8. d5
Ne7 9. Qd2 Ne8 10. g4 f5 11. gxf5 gxf5 12. O-O-O f4 13. Bf2 Ng6 14. h4 h5 15.
Bh3 Bxh3 16. Rxh3 Bf6 17. Rh2 Ng7 18. Rdh1 Kf7 19. Qe1 a6 20. Rg1 Rg8 21. Qf1
Nxh4 22. Qh3 Ng6 23. Rhg2 Nf8 24. Nxf4 exf4 25. e5 dxe5 26. Ne4 Qd7 27. Rxg7+
Rxg7 28. Qxh5+ Ng6 29. Nc5 Qe7 30. Ne6 Rh8 31. Qf5 Rhg8 32. Bc5 Qd7 33. Nxg7
Qxf5 34. Nxf5 Rh8 1/2-1/2

[Event "Landesklasse Ost 2012/2013"]
[Site "?"]
[Date "2013.03.24"]
[Round "8"]
[White "Jank, Kevin"]
[Black "Richter, Sven"]
[Result "0-1"]
[WhiteElo "1650"]
[BlackElo "1963"]
[PlyCount "58"]
[EventDate "2013.??.??"]
[WhiteTeam "SG Arnstadt-Stadtilm"]
[BlackTeam "VfL 1990 Gera"]

1. e4 g6 2. d4 Bg7 3. Ne2 d6 4. Ng3 Nf6 5. Be2 O-O 6. h4 h5 7. Bg5 Nbd7 8. Nc3
c5 9. d5 b5 10. Nxb5 Rb8 11. Rb1 Rxb5 12. Bxb5 Qa5+ 13. c3 Qxb5 14. Qe2 Qa4 15.
b3 Qa5 16. b4 Qa3 17. O-O Ne5 18. Rb3 Qa4 19. Rfb1 c4 20. R3b2 Re8 21. Be3 Nd3
22. Rc2 Ng4 23. Bd4 Bh6 24. f3 Nge5 25. Nf1 e6 26. dxe6 Bxe6 27. b5 d5 28. exd5
Bxd5 29. b6 Nxf3+ 0-1

[Event "Landesklasse Ost 2012/2013"]
[Site "?"]
[Date "2013.03.24"]
[Round "8"]
[White "Katzer, Michael"]
[Black "Zeising, Benjamin"]
[Result "1-0"]
[WhiteElo "1876"]
[BlackElo "1773"]
[PlyCount "47"]
[EventDate "2013.??.??"]
[WhiteTeam "VfL 1990 Gera"]
[BlackTeam "SG Arnstadt-Stadtilm"]

1. b3 d5 2. Bb2 c5 3. e3 Nc6 4. Nf3 Bg4 5. Bb5 a6 6. Bxc6+ bxc6 7. h3 Bf5 8. d3
h5 9. Qe2 Nf6 10. Nbd2 e6 11. e4 Bh7 12. Ne5 Qc7 13. f4 Be7 14. O-O O-O 15. g4
hxg4 16. Nxg4 d4 17. Rf2 Nxg4 18. hxg4 Bh4 19. Rf3 f5 20. gxf5 exf5 21. e5 g5
22. fxg5 Bxg5 23. Rg3 Qe7 24. Nf3 1-0

[Event "Landesklasse Ost 2012/2013"]
[Site "?"]
[Date "2013.03.24"]
[Round "8"]
[White "Habl, Klaus"]
[Black "Seidens, Gunter"]
[Result "0-1"]
[WhiteElo "1671"]
[BlackElo "1962"]
[PlyCount "142"]
[EventDate "2013.??.??"]
[WhiteTeam "SG Arnstadt-Stadtilm"]
[BlackTeam "VfL 1990 Gera"]

1. e4 d6 2. d4 g6 3. f4 Bg7 4. Nf3 c5 5. Bc4 cxd4 6. Nxd4 Qb6 7. c3 Nc6 8. Nxc6
bxc6 9. Qb3 e6 10. Qxb6 axb6 11. Be3 b5 12. Bd3 Bd7 13. Bd4 Bxd4 14. cxd4 Ra4
15. Nc3 Rxd4 16. Ke2 b4 17. Ke3 Rxd3+ 18. Kxd3 bxc3 19. bxc3 Nf6 20. Rhb1 O-O
21. a4 e5 22. fxe5 dxe5 23. a5 Ra8 24. a6 Bc8 25. Rb6 Nd7 26. Rxc6 Bxa6+ 27.
Ke3 Nb8 28. Rb6 Kf8 29. Rxb8+ Rxb8 30. Rxa6 Rb2 31. Kf3 Rc2 32. Ra3 Ke7 33. h4
h5 34. Ra7+ Ke6 35. Ra6+ Ke7 36. Ra7+ Kf8 37. Ra8+ Kg7 38. Rc8 Kf6 39. Rc6+ Ke7
40. Rc7+ Ke6 41. g4 hxg4+ 42. Kxg4 Rf2 43. Kg3 Rf4 44. Rc4 Kf6 45. Ra4 Kg7 46.
Rb4 Kh7 47. Rb7 Kg7 48. Rb4 Kh6 49. Ra4 Kh5 50. Ra8 Rg4+ 51. Kf3 Rxh4 52. c4
Rh3+ 53. Ke2 Rc3 54. Rc8 Kg5 55. Kd2 Rh3 56. c5 f5 57. c6 Rh7 58. c7 Kf4 59.
exf5 gxf5 60. Ke2 Ke4 61. Kf2 Rh2+ 62. Ke1 Rc2 63. Kd1 Rc6 64. Ke2 f4 65. Kf2
Rc2+ 66. Ke1 Ke3 67. Kd1 Rc6 68. Re8 Rxc7 69. Rxe5+ Kf2 70. Rd5 f3 71. Kd2 Re7
0-1

[Event "Landesklasse Ost 2012/2013"]
[Site "?"]
[Date "2013.03.24"]
[Round "8"]
[White "Huster, Mike"]
[Black "Specht, Horst"]
[Result "1-0"]
[WhiteElo "1913"]
[BlackElo "1569"]
[PlyCount "51"]
[EventDate "2013.??.??"]
[WhiteTeam "VfL 1990 Gera"]
[BlackTeam "SG Arnstadt-Stadtilm"]

1. d4 d5 2. Nf3 Nf6 3. c4 Bf5 4. g3 e6 5. Bg2 Be7 6. O-O O-O 7. Nbd2 h6 8. Qb3
b6 9. Ne5 a5 10. a4 dxc4 11. Qxc4 Ra7 12. Rd1 Bb4 13. e4 Bh7 14. d5 exd5 15.
exd5 Bd6 16. Ndf3 Re8 17. Nd3 Ne4 18. Nd4 Bc5 19. Be3 Nd6 20. Qb3 Bxd4 21. Bxd4
Nd7 22. Re1 Nf6 23. Ne5 Nf5 24. Bc3 Ne7 25. d6 Qxd6 26. Nxf7 1-0

[Event "Landesklasse Ost 2012/2013"]
[Site "?"]
[Date "2013.03.24"]
[Round "8"]
[White "Scheller, Thomas"]
[Black "Kretzschmar, Bernd"]
[Result "0-1"]
[WhiteElo "1614"]
[BlackElo "1862"]
[PlyCount "50"]
[EventDate "2013.??.??"]
[WhiteTeam "SG Arnstadt-Stadtilm"]
[BlackTeam "VfL 1990 Gera"]

1. d4 g6 2. g3 Bg7 3. Bg2 d6 4. Nf3 c6 5. O-O Nf6 6. Re1 Nbd7 7. Nbd2 O-O 8. c3
e5 9. dxe5 dxe5 10. e4 Qe7 11. Qc2 a5 12. b3 h6 13. a4 b6 14. Ba3 c5 15. Nc4
Bb7 16. Ne3 Bxe4 17. Qe2 Bb7 18. Bb2 Rfe8 19. Rad1 e4 20. Nd2 Ne5 21. Nec4 Nd3
22. Rf1 Nxb2 23. Nxb2 e3 24. fxe3 Bxg2 25. Kxg2 Nd5 0-1

[Event "Landesklasse Ost 2012/2013"]
[Site "?"]
[Date "2013.03.24"]
[Round "8"]
[White "Schönfeld, Volker"]
[Black "Pecher, Peter"]
[Result "1-0"]
[WhiteElo "1869"]
[BlackElo "1378"]
[PlyCount "49"]
[EventDate "2013.??.??"]
[WhiteTeam "VfL 1990 Gera"]
[BlackTeam "SG Arnstadt-Stadtilm"]

1. e4 d6 2. d4 Nf6 3. Nc3 g6 4. f4 Bg7 5. Nf3 O-O 6. Bd3 Bg4 7. h3 Bxf3 8. Qxf3
c6 9. Be3 Re8 10. O-O-O e5 11. dxe5 dxe5 12. f5 Qc7 13. g4 b5 14. h4 h5 15.
gxh5 Nxh5 16. Ne2 Nd7 17. fxg6 fxg6 18. Rhg1 Kh7 19. Rxg6 Ndf6 20. Rdg1 Qf7 21.
Qf5 Kg8 22. Bh6 Qxa2 23. Bxg7 Qa1+ 24. Kd2 Qxb2 25. Bxf6+ 1-0

[Event "Landesklasse Ost 2012/2013"]
[Site "?"]
[Date "2013.03.24"]
[Round "8"]
[White "Riedel, Erich"]
[Black "Piontek, Michael"]
[Result "1/2-1/2"]
[WhiteElo "1572"]
[BlackElo "1833"]
[PlyCount "29"]
[EventDate "2013.??.??"]
[WhiteTeam "SG Arnstadt-Stadtilm"]
[BlackTeam "VfL 1990 Gera"]

1. e4 e6 2. d4 d5 3. exd5 exd5 4. Bd3 Nf6 5. Nc3 Be7 6. Nge2 O-O 7. Bf4 Re8 8.
Qd2 a6 9. f3 Nc6 10. O-O-O Nb4 11. g4 Nxd3+ 12. Qxd3 Bd6 13. h4 Bxf4+ 14. Nxf4
Qd6 15. Qd2 1/2-1/2

[Event "Landesklasse Ost 2012/2013"]
[Site "?"]
[Date "2013.03.24"]
[Round "8"]
[White "Kühnl, Bernd"]
[Black "Meng, Hans"]
[Result "0-1"]
[WhiteElo "1673"]
[BlackElo "1082"]
[PlyCount "84"]
[EventDate "2013.??.??"]
[WhiteTeam "VfL 1990 Gera"]
[BlackTeam "SG Arnstadt-Stadtilm"]

1. d4 g6 2. c4 Bg7 3. Nc3 e5 4. d5 d6 5. e4 Nf6 6. f3 c6 7. Bg5 b5 8. cxb5 cxd5
9. Nxd5 Be6 10. Nxf6+ Bxf6 11. Bxf6 Qxf6 12. Qxd6 Nd7 13. Ne2 Rd8 14. O-O-O
Rc8+ 15. Kb1 Qg5 16. Nc3 Nb6 17. h4 Qf6 18. Be2 h5 19. Nd5 Nxd5 20. exd5 Bf5+
21. Bd3 Bxd3+ 22. Rxd3 Qxd6 23. f4 O-O 24. f5 Rfe8 25. g4 Qf6 26. d6 Rcd8 27.
Rhd1 Qxh4 28. d7 Re7 29. gxh5 Qe4 30. Ka1 Qxf5 31. a4 e4 32. Rd5 Qg4 33. a5 e3
34. R1d4 Qh3 35. b6 axb6 36. a6 e2 37. a7 e1=Q+ 38. Rd1 Qb4 39. R5d3 Qg2 40.
R1d2 Re1+ 41. Ka2 Qc4+ 42. Ka3 Ra1# 0-1

[Event "Landesklasse Ost 2012/2013"]
[Site "?"]
[Date "2013.04.21"]
[Round "9"]
[White "Richter, Sven"]
[Black "Troyke, Christian"]
[Result "1/2-1/2"]
[WhiteElo "1963"]
[BlackElo "2255"]
[PlyCount "165"]
[EventDate "2013.??.??"]
[WhiteTeam "VfL 1990 Gera"]
[BlackTeam "Erfurter Schachklub"]

1. e4 c5 2. Nf3 g6 3. c3 Bg7 4. d3 Nc6 5. g3 d5 6. Nbd2 Nf6 7. Bg2 O-O 8. O-O
e5 9. Re1 h6 10. Qb3 d4 11. cxd4 cxd4 12. Nc4 Qe7 13. Bd2 Be6 14. Qa4 Nd7 15.
Na5 Nxa5 16. Bxa5 Rfc8 17. Rec1 Qd6 18. Qb5 b6 19. Bb4 Nc5 20. Bxc5 bxc5 21. b3
Qb6 22. Qa4 Qb4 23. Qa6 Rc7 24. Rc2 Rb8 25. Qd6 Qb6 26. Qxb6 axb6 27. Nd2 Ra7
28. a4 h5 29. Bf3 Bh6 30. Nc4 f6 31. Rca2 Ra6 32. Bd1 Rba8 33. Na3 Bf8 34. Nb5
Rc8 35. h4 Ra5 36. f3 Bd7 37. Na3 Rca8 38. Nc4 R5a6 39. a5 bxa5 40. Rxa5 Rxa5
41. Rxa5 Rxa5 42. Nxa5 Kf7 43. Kf2 Ke6 44. Nc4 Bh6 45. Be2 Ke7 46. Bf1 Be6 47.
Ke2 Kd7 48. Kd1 Kc6 49. Be2 Be3 50. Nxe3 dxe3 51. Kc2 f5 52. f4 Kd6 53. Kc3 Bc8
54. b4 cxb4+ 55. Kxb4 fxe4 56. dxe4 Bb7 57. Kc3 Bxe4 58. Bf1 Bf5 59. Bc4 exf4
60. gxf4 Kc5 61. Ba6 Kd5 62. Bb7+ Ke6 63. Ba6 Bb1 64. Bc8+ Kf6 65. Bh3 Bf5 66.
Bg2 e2 67. Kd2 Bd3 68. Bh3 Ke7 69. Bg2 Ke6 70. Bh3+ Kd5 71. Bg2+ Kd4 72. Bf3
e1=Q+ 73. Kxe1 Ke3 74. Bd1 Bf5 75. Kf1 Be4 76. Kg1 Kxf4 77. Kf2 Bf5 78. Be2 Be4
79. Bd1 g5 80. hxg5 h4 81. g6 Bxg6 82. Kg2 Bf5 83. Kh2 1/2-1/2

[Event "Landesklasse Ost 2012/2013"]
[Site "?"]
[Date "2013.04.21"]
[Round "9"]
[White "Brüggemann, Joachim"]
[Black "Katzer, Michael"]
[Result "1-0"]
[WhiteElo "2252"]
[BlackElo "1876"]
[PlyCount "49"]
[EventDate "2013.??.??"]
[WhiteTeam "Erfurter Schachklub"]
[BlackTeam "VfL 1990 Gera"]

1. e4 e6 2. d4 b6 3. Nf3 Bb7 4. Nc3 Bb4 5. Bd3 Nf6 6. Bg5 h6 7. Bxf6 Qxf6 8.
Qd2 d5 9. e5 Qd8 10. a3 Be7 11. Ne2 Ba6 12. Bxa6 Nxa6 13. Qd3 Nb8 14. O-O Qd7
15. c4 c6 16. Rac1 O-O 17. Rc3 c5 18. Nf4 dxc4 19. Qxc4 b5 20. Qd3 c4 21. Qe4
Na6 22. Nh5 Kh8 23. Qg4 Rg8 24. Qf4 Bf8 25. Ng5 1-0

[Event "Landesklasse Ost 2012/2013"]
[Site "?"]
[Date "2013.04.21"]
[Round "9"]
[White "Seidens, Gunter"]
[Black "Streltsyn, Grygoriy"]
[Result "0-1"]
[WhiteElo "1962"]
[BlackElo "2110"]
[PlyCount "110"]
[EventDate "2013.??.??"]
[WhiteTeam "VfL 1990 Gera"]
[BlackTeam "Erfurter Schachklub"]

1. d4 Nf6 2. c4 e6 3. Nf3 b6 4. g3 Bb7 5. Bg2 Be7 6. Nc3 Ne4 7. Qc2 Nxc3 8.
Qxc3 O-O 9. O-O d6 10. Qc2 f5 11. Rd1 Qc8 12. a3 a5 13. Bf4 Nd7 14. b4 Bf6 15.
Rac1 Be4 16. Qd2 Qb7 17. Bh3 h6 18. Be3 axb4 19. axb4 Qa6 20. c5 Qb5 21. cxd6
cxd6 22. Rc7 Bd8 23. Rcc1 Qd5 24. Ra1 Bf6 25. Ne1 Qb5 26. Bf4 Rxa1 27. Rxa1 e5
28. dxe5 Nxe5 29. Ra7 Nc6 30. Rc7 Nd4 31. Bf1 Ne6 32. e3 Qd5 33. Qxd5 Bxd5 34.
Rc1 Nxf4 35. gxf4 Kf7 36. f3 Bh4 37. Ng2 Bf6 38. Kf2 Ke6 39. Bd3 Ra8 40. e4
Ra2+ 41. Kg3 fxe4 42. fxe4 Bb3 43. Rc7 Ra3 44. Ne3 Ba2 45. f5+ Ke5 46. Ng4+ Kd4
47. Nf2 b5 48. Kg4 Rxd3 49. Nxd3 Kxd3 50. Rc6 Be5 51. f6 gxf6 52. h4 Kxe4 53.
h5 Be6+ 54. Kh4 f5 55. Rc1 Bf6+ 0-1

[Event "Landesklasse Ost 2012/2013"]
[Site "?"]
[Date "2013.04.21"]
[Round "9"]
[White "Duzy, Stefan"]
[Black "Huster, Mike"]
[Result "1-0"]
[WhiteElo "1914"]
[BlackElo "1913"]
[PlyCount "57"]
[EventDate "2013.??.??"]
[WhiteTeam "Erfurter Schachklub"]
[BlackTeam "VfL 1990 Gera"]

1. d4 Nf6 2. c4 e6 3. Nf3 d5 4. Bg5 Be7 5. e3 Nbd7 6. Nc3 O-O 7. Qb3 c6 8. Be2
dxc4 9. Qxc4 Nd5 10. Bxe7 Qxe7 11. O-O N7b6 12. Qb3 Bd7 13. Ne4 Kh8 14. Nc5 Be8
15. Qa3 Nc8 16. Nxb7 Qxa3 17. bxa3 Rb8 18. Nc5 Nd6 19. Bd3 Nc7 20. Ne5 Rg8 21.
Rab1 Rxb1 22. Rxb1 f6 23. Nc4 Ndb5 24. Rb3 Bh5 25. a4 Bd1 26. Rb1 Nc3 27. Rb7
N7d5 28. Nd6 Bh5 29. Nxe6 1-0

[Event "Landesklasse Ost 2012/2013"]
[Site "?"]
[Date "2013.04.21"]
[Round "9"]
[White "Kretzschmar, Bernd"]
[Black "Troyke, Doreen"]
[Result "1/2-1/2"]
[WhiteElo "1862"]
[BlackElo "2036"]
[PlyCount "111"]
[EventDate "2013.??.??"]
[WhiteTeam "VfL 1990 Gera"]
[BlackTeam "Erfurter Schachklub"]

1. e4 c5 2. Nf3 d6 3. b3 Nf6 4. Bb5+ Bd7 5. Bxd7+ Nbxd7 6. Nc3 g6 7. O-O Bg7 8.
Re1 O-O 9. Bb2 a6 10. a4 Rc8 11. Qe2 Re8 12. Rad1 Qc7 13. d3 e6 14. h3 h6 15.
Nh2 Ne5 16. Nb1 Nc6 17. c3 Qb6 18. Qc2 d5 19. Nd2 Qc7 20. Ba3 Nd7 21. Rf1 b5
22. axb5 axb5 23. Ndf3 b4 24. cxb4 Nxb4 25. Bxb4 cxb4 26. Qd2 Qc3 27. Ng4 Qxd2
28. Rxd2 Rc3 29. exd5 exd5 30. Ne3 Nb6 31. Rb1 h5 32. Nd1 Rc7 33. d4 Rec8 34.
Ne5 Rc2 35. Rb2 Rxb2 36. Rxb2 Rc1 37. Rd2 Bh6 38. Rd3 Nc8 39. Kh2 Nd6 40. g3
Ne4 41. Kg2 Nc3 42. Ne3 Rb1 43. Nc6 Bf8 44. g4 hxg4 45. hxg4 Rb2 46. Kf1 Rxb3
47. Nc2 Rb1+ 48. Kg2 Ne4 49. Ne3 b3 50. Nxd5 b2 51. Rb3 Kg7 52. Ne5 Ba3 53. Nc4
Ra1 54. Nxa3 Rxa3 55. Rxb2 Rd3 56. f3 1/2-1/2

[Event "Landesklasse Ost 2012/2013"]
[Site "?"]
[Date "2013.04.21"]
[Round "9"]
[White "Schneider, Thomas"]
[Black "Schönfeld, Volker"]
[Result "1/2-1/2"]
[WhiteElo "1887"]
[BlackElo "1869"]
[PlyCount "30"]
[EventDate "2013.??.??"]
[WhiteTeam "Erfurter Schachklub"]
[BlackTeam "VfL 1990 Gera"]

1. d4 Nf6 2. c4 g6 3. Nc3 d5 4. g3 Bg7 5. Bg2 c6 6. cxd5 cxd5 7. Qb3 Nc6 8. Nf3
O-O 9. O-O Na5 10. Qd1 Bf5 11. Nh4 Be6 12. Bg5 h6 13. Bc1 Qd7 14. Re1 Bh3 15.
Bh1 Nc6 1/2-1/2

[Event "Landesklasse Ost 2012/2013"]
[Site "?"]
[Date "2013.04.21"]
[Round "9"]
[White "Piontek, Michael"]
[Black "Fischer, Dieter"]
[Result "1/2-1/2"]
[WhiteElo "1833"]
[BlackElo "1941"]
[PlyCount "60"]
[EventDate "2013.??.??"]
[WhiteTeam "VfL 1990 Gera"]
[BlackTeam "Erfurter Schachklub"]

1. Nf3 d5 2. c4 e6 3. d4 Nf6 4. Nc3 c6 5. cxd5 exd5 6. Bg5 Be7 7. e3 Nbd7 8.
Bd3 Nh5 9. Bxe7 Qxe7 10. O-O g6 11. e4 dxe4 12. Re1 O-O 13. Rxe4 Qd6 14. Rh4
Ndf6 15. Qd2 Re8 16. h3 Be6 17. Re1 Bd5 18. Ne5 Qf8 19. g4 Ng7 20. Qg5 Re6 21.
f4 Qb4 22. Kf2 Qxd4+ 23. Re3 Rae8 24. Qh6 Kf8 25. Ne2 Qxb2 26. g5 Ng8 27. Qxh7
Rxe5 28. fxe5 Rxe5 29. Rxe5 Qxe5 30. Rg4 Nh5 1/2-1/2

[Event "Landesklasse Ost 2012/2013"]
[Site "?"]
[Date "2013.04.21"]
[Round "9"]
[White "August, Christian"]
[Black "Fijalkowski, Jürgen"]
[Result "1-0"]
[WhiteElo "1946"]
[BlackElo "1811"]
[PlyCount "73"]
[EventDate "2013.??.??"]
[WhiteTeam "Erfurter Schachklub"]
[BlackTeam "VfL 1990 Gera"]

1. g3 g6 2. Bg2 Bg7 3. e4 e5 4. Nc3 d6 5. Nge2 Nc6 6. d3 Bg4 7. h3 Be6 8. O-O
Qd7 9. Kh2 Nge7 10. Nd5 h6 11. c3 Bxd5 12. exd5 Nd8 13. d4 O-O 14. dxe5 dxe5
15. c4 Kh7 16. Be3 Rg8 17. Rc1 a6 18. c5 f5 19. Nc3 Nf7 20. Qb3 Nd8 21. Rfd1
Qc8 22. d6 cxd6 23. cxd6 Nec6 24. d7 Qb8 25. Nd5 Nd4 26. Bxd4 exd4 27. Rc8 Qa7
28. Nb6 Rb8 29. Rdc1 Rf8 30. f4 Bf6 31. a4 a5 32. Nd5 Bg7 33. Nb6 Bf6 34. Qb5
Nc6 35. Rxf8 Rxf8 36. Nc8 Qa8 37. Rxc6 1-0

[Event "Landesklasse Ost 2012/2013"]
[Site "?"]
[Date "2013.04.21"]
[Round "9"]
[White "Sack, Matthias"]
[Black "Jank, Kevin"]
[Result "1-0"]
[WhiteElo "1964"]
[BlackElo "1650"]
[PlyCount "59"]
[EventDate "2013.??.??"]
[WhiteTeam "SV Hermsdorf"]
[BlackTeam "SG Arnstadt-Stadtilm"]

1. e4 e5 2. Nf3 Nc6 3. Bc4 Nf6 4. d4 Nxe4 5. dxe5 Nc5 6. O-O Be7 7. Nc3 O-O 8.
Nd5 h6 9. Bf4 Ne6 10. Bg3 Bc5 11. c3 a5 12. Qc2 Ne7 13. Rad1 Nxd5 14. Bxd5 Qe7
15. Rfe1 d6 16. exd6 Bxd6 17. Bxd6 cxd6 18. Qd2 Rd8 19. Nd4 Qf6 20. Bb3 Nc5 21.
Qe3 Nxb3 22. axb3 Kf8 23. Nb5 Bg4 24. f3 Bf5 25. Qb6 Qg5 26. Nxd6 Ra6 27. Qc7
Bg6 28. f4 Qf6 29. Nxb7 Rda8 30. Nc5 1-0